UM Logo

Dyadic, longitudinal associations among outcome expectation and alliance, and their indirect effects on patient outcome / (Record no. 20711)

MARC details
000 -LEADER
fixed length control field 01308nam a22002897a 4500
003 - CONTROL NUMBER IDENTIFIER
control field OSt
005 - DATE AND TIME OF LATEST TRANSACTION
control field 20260211083422.0
008 - FIXED-LENGTH DATA ELEMENTS--GENERAL INFORMATION
fixed length control field 240820b ||||| |||| 00| 0 eng d
040 ## - CATALOGING SOURCE
Transcribing agency 0
082 ## - DEWEY DECIMAL CLASSIFICATION NUMBER
Classification number DPer 361.05 J826 January-April 2020 v. 67 n. 1-3
100 ## - MAIN ENTRY--PERSONAL NAME
Personal name Constantino, Michael J.
Relator term author.
9 (RLIN) 58497
245 ## - TITLE STATEMENT
Title Dyadic, longitudinal associations among outcome expectation and alliance, and their indirect effects on patient outcome /
Statement of responsibility, etc. Michael J. Constantino, Adi Aviram, Alice E. Coyne, Katie Newkirk, Roger P. Greenberg, Henny A. Westra, and Martin M. Antony.
260 ## - PUBLICATION, DISTRIBUTION, ETC. (IMPRINT)
Place of publication, distribution, etc. Washington ;
Name of publisher, distributor, etc. American Psychological Association ,
Date of publication, distribution, etc. January 2020.
300 ## - PHYSICAL DESCRIPTION
Extent Volume 67, pages 40-50 :
Other physical details illustration ;
Dimensions 28 cm.
500 ## - GENERAL NOTE
General note Journal of Counseling Psychology, vol. 67, no.1, pages 40-50, January 2020.
650 #0 - SUBJECT ADDED ENTRY--TOPICAL TERM
Topical term or geographic name as entry element Longitudinal studies.
9 (RLIN) 64916
650 #0 - SUBJECT ADDED ENTRY--TOPICAL TERM
Topical term or geographic name as entry element Motivation physiology.
9 (RLIN) 65325
650 #0 - SUBJECT ADDED ENTRY--TOPICAL TERM
Topical term or geographic name as entry element Treatment outcome.
9 (RLIN) 65324
700 ## - ADDED ENTRY--PERSONAL NAME
Personal name Constantino, Michael J.
Relator term author.
9 (RLIN) 58497
700 ## - ADDED ENTRY--PERSONAL NAME
Personal name Aviram, Adi.
Relator term author.
9 (RLIN) 58498
700 ## - ADDED ENTRY--PERSONAL NAME
Personal name Coyne, Alice E.
Relator term author.
9 (RLIN) 58499
700 ## - ADDED ENTRY--PERSONAL NAME
Personal name Newkirk, Katie.
Relator term author.
9 (RLIN) 58500
700 ## - ADDED ENTRY--PERSONAL NAME
Personal name Greenberg, Roger P.
Relator term author.
9 (RLIN) 58501
700 ## - ADDED ENTRY--PERSONAL NAME
Personal name Westra, Henny A.
Relator term author.
9 (RLIN) 58502
700 ## - ADDED ENTRY--PERSONAL NAME
Personal name Antony, Martin M.
Relator term author.
9 (RLIN) 58503
942 ## - ADDED ENTRY ELEMENTS (KOHA)
Source of classification or shelving scheme Dewey Decimal Classification
Koha item type Periodicals
Holdings
Withdrawn status Lost status Source of classification or shelving scheme Damaged status Not for loan Collection code Home library Current library Date acquired Total Checkouts Full call number Date last seen Price effective from Koha item type Public note
    Dewey Decimal Classification     Periodicals UM Digos College - LIC UM Digos College - LIC 08/20/2024   DPer 361.05 J386 January-April 2020 v. 67 n. 1-3 08/20/2024 08/20/2024 Periodicals Periodical Article